000 00503nam a2200181Ia 4500
001 9265
005 20260306160711.0
008 260306t2011||||xx |||||||||||||| ||spa||
041 _aESP
082 _a378.01
_bB184
100 _aBujan Vidales, Karmele
_eAUT
245 0 _aLa evaluación de competencias en la educación superior:
_blas rúbricas como instrumento de evaluación
260 _c2011
300 _a183 páginas :
_c24 cm.
650 _aGEN
654 _aCED
942 _cLIB
_dJUS
_fJUS
_2ddc
_n
999 _c9265
_d9265